00791nam a22002177a 4500003000500000005001700005008004100022010001000063011001000073035001000083040000900093100002900102245017500131260004100306300002200347502010700369650002600476650003300502650001800535650002000553CHAP20220329135939.0971013s1979 r 00010 d a44519 a45491 a49630 cCHAP00aSalas García, Enrique. aEstudios de daños por el barrenador del tallo (Diatraea spp) y elotero (Heliothis zea) en 5 variedades de maíz con caracteres de enanismo durante la primavera de 1979 a(Monterrey, N.L.) :bel autor,c1979 a88 h.b; gráfs. aTesis (Ing. Agr. Esp. en Parasitología) -- ITESM. División de Ciencias Agropecuarias y Marítimas14aDiatraea saccharalis.14aHeliothis (Helicoverpa) zea.14aMaíz enano.14aMaízxPlagas.